书目信息 |
| 题名: |
儿童文学剧本选
|
|
| 作者: | 冰心 , 熊塞声 主编 | |
| 分册: | 下 | |
| 出版信息: | 北京 人民文学出版社 1979 |
|
| 页数: | 412-818页 | |
| 开本: | 20cm | |
| 丛书名: | ||
| 单 册: | ||
| 中图分类: | I287.3 | |
| 科图分类: | ||
| 主题词: | 儿童剧--中国--1949~1979--选集 | |
| 电子资源: | ||
| ISBN: | ||
| 000 | 00673nam0 2200241 45 | |
| 001 | 0179006833 | |
| 005 | 20040408143806.6 | |
| 010 | @dCNY2.00 | |
| 091 | @a10019.2740 | |
| 100 | @a19950721d1979 am y0chiy0121 ea | |
| 101 | 0 | @achi |
| 102 | @aCN@b110000 | |
| 105 | @ay z 000fy | |
| 106 | @ar | |
| 200 | 10 | @a儿童文学剧本选@h下@Aer tong wen xue ju ben xuan@e1949-1979@f冰心,熊塞声主编 |
| 210 | @a北京@c人民文学出版社@d1979 | |
| 215 | @a412-818页@d20cm | |
| 606 | @a儿童剧@y中国@z1949~1979@x选集 | |
| 690 | @aI287.3@v3 | |
| 701 | 0 | @a冰心@Abing xin@4主编 |
| 701 | 0 | @a熊塞声@Axiong sai sheng@4主编 |
| 801 | 0 | @aCN@bNLC@c20040408 |
| 905 | @dI287.3@e25:2@f1@b19653 | |
| 儿童文学剧本选.下:1949-1979/冰心,熊塞声主编.-北京:人民文学出版社,1979 |
| 412-818页;20cm |
| ISBN :CNY2.00 |
| ● |
| 相关链接 |
|
|
|
|
正题名:儿童文学剧本选
索取号:I287.3/25:2
 
预约/预借
| 序号 | 登录号 | 条形码 | 馆藏地/架位号 | 状态 | 备注 |
| 1 | 0019653 | 000890469 | 第一样本阅览室/ [索取号:I287.3/25:2] | 在馆 |